The Foreign policy of modern Japan / (Record no. 42080)
[ view plain ]
| 000 -LEADER | |
|---|---|
| fixed length control field | 01177nam a2200277 a 4500 |
| 001 - CONTROL NUMBER | |
| control field | 42080 |
| 003 - CONTROL NUMBER IDENTIFIER | |
| rucl marc code | BD-RjUL |
| 005 - DATE AND TIME OF LATEST TRANSACTION | |
| control field | 20211209053505.0 |
| 008 - FIXED-LENGTH DATA ELEMENTS--GENERAL INFORMATION | |
| fixed length control field | 160609s1977 caua b 001 0 eng |
| 020 ## - INTERNATIONAL STANDARD BOOK NUMBER | |
| International Standard Book Number | 0520034996 |
| 035 ## - SYSTEM CONTROL NUMBER | |
| System control number | (BD-RjUL) |
| 040 ## - CATALOGING SOURCE | |
| Original cataloging agency | DLC |
| Transcribing agency | DLC |
| Modifying agency | DLC |
| -- | BD-RjUL |
| Language of cataloging | eng |
| 041 ## - LANGUAGE CODE | |
| Language code of text/sound track or separate title | eng |
| 082 00 - DEWEY DECIMAL CLASSIFICATION NUMBER | |
| Classification number | 327.52 |
| Edition number | 23 |
| Author mark and year | FOR 1977 |
| 245 04 - TITLE STATEMENT | |
| Title | The Foreign policy of modern Japan / |
| Statement of responsibility, etc. | edited by Robert A. Scalapino ; foreword by Edwin O. Reischauer. |
| 260 ## - PUBLICATION, DISTRIBUTION, ETC. (IMPRINT) | |
| Place of publication, distribution, etc. | Berkeley : |
| Name of publisher, distributor, etc. | University of California Press, |
| Date of publication, distribution, etc. | c1977. |
| 300 ## - PHYSICAL DESCRIPTION | |
| Pagination | xix, 426 p. : |
| Illustrations | ill ; |
| Size | 25 cm. |
| 490 0# - SERIES STATEMENT | |
| Series statement | Campus ; 196 |
| 500 ## - GENERAL NOTE | |
| General note | Papers presented at a conference held on Kauai, Hawaii, Jan. 14-18, 1974, and sponsored by the Joint Committee on Japanese Studies of the American Council of Learned Societies and the Social Science Research Council. |
| 504 ## - BIBLIOGRAPHY, ETC. NOTE | |
| Bibliography, etc | Includes bibliographical references and index. |
| 651 #0 - SUBJECT ADDED ENTRY--GEOGRAPHIC NAME | |
| Geographic name | Japan |
| General subdivision | Foreign relations |
| Chronological subdivision | 1945-1989 |
| General subdivision | Decision making |
| -- | Congresses. |
| 9 (RLIN) | 129409 |
| Geographic name | Japan |
| General subdivision | Foreign economic relations |
| -- | Congresses. |
| 9 (RLIN) | 129410 |
| 700 1# - ADDED ENTRY--PERSONAL NAME | |
| Personal name | Scalapino, Robert A. |
| 710 2# - ADDED ENTRY--CORPORATE NAME | |
| Corporate name or jurisdiction name as entry element | Joint Committee on Japanese Studies. |
| 9 (RLIN) | 129412 |
| 942 ## - ADDED ENTRY ELEMENTS (KOHA) | |
| Source of classification or shelving scheme | Dewey Decimal Classification |
| Koha item type | Books |
| Lost status | Source of classification or shelving scheme | Damaged status | Not for loan | Collection code | Permanent Location | Current Location | Shelving location | Date acquired | Total Checkouts | Full call number | Date last seen | Copy number | Koha item type |
|---|---|---|---|---|---|---|---|---|---|---|---|---|---|
| Dewey Decimal Classification | Non-fiction | Central Library, University of Rajshahi | Central Library, University of Rajshahi | 14/03/1990 | 327.52 FOR 1977 | 09/06/2016 | C-2 | Books |